Interstellar communication (Record no. 4288)
[ view plain ]
| 000 -LEADER | |
|---|---|
| fixed length control field | 00677nam a2200193Ia 4500 |
| 003 - CONTROL NUMBER IDENTIFIER | |
| control field | IN-BaIIA |
| 008 - FIXED-LENGTH DATA ELEMENTS--GENERAL INFORMATION | |
| fixed length control field | 211028s9999 xx 000 0 eng d |
| 040 ## - CATALOGING SOURCE | |
| Transcribing agency | IIA Library |
| 080 ## - UNIVERSAL DECIMAL CLASSIFICATION NUMBER | |
| Universal Decimal Classification number | 52-37 |
| Item number | INS |
| 245 #0 - TITLE STATEMENT | |
| Title | Interstellar communication |
| Remainder of title | the search for extraterrestrial life, a collection of reprints and original contributions |
| Statement of responsibility, etc. | edited by Cameron, A. G. W |
| 260 ## - PUBLICATION, DISTRIBUTION, ETC. | |
| Place of publication, distribution, etc. | New York |
| Name of publisher, distributor, etc. | W. A. Benjamin |
| Date of publication, distribution, etc. | 1963 |
| 300 ## - PHYSICAL DESCRIPTION | |
| Extent | xii, 320p. |
| 490 ## - SERIES STATEMENT | |
| Series statement | Physical Investigations of the Universe |
| 650 ## - SUBJECT ADDED ENTRY--TOPICAL TERM | |
| Topical term or geographic name entry element | Astronomy and astrophysics thesaurus |
| 650 ## - SUBJECT ADDED ENTRY--TOPICAL TERM | |
| Topical term or geographic name entry element | Interstellar communication |
| 9 (RLIN) | 7541 |
| 650 ## - SUBJECT ADDED ENTRY--TOPICAL TERM | |
| Topical term or geographic name entry element | Origin of life |
| 9 (RLIN) | 3519 |
| 700 ## - ADDED ENTRY--PERSONAL NAME | |
| Personal name | Cameron, A. G. W., ed. |
| 9 (RLIN) | 4211 |
| 942 ## - ADDED ENTRY ELEMENTS (KOHA) | |
| Koha item type | Books |
| Withdrawn status | Lost status | Damaged status | Not for loan | Home library | Current library | Shelving location | Date acquired | Cost, normal purchase price | Total Checkouts | Full call number | Barcode | Date last seen | Cost, replacement price | Price effective from | Koha item type | Purchase Price |
|---|---|---|---|---|---|---|---|---|---|---|---|---|---|---|---|---|
| IIA Library-Bangalore | IIA Library-Bangalore | General Stacks | 10/09/1973 | 68.40 | 52-37/ INS | 4787 | 05/11/2021 | 68.40 | 10/09/1973 | Books | Rs. 68.40 |